000 00419nam a22001697a 4500
005 20180305110011.0
008 160525b xxu||||| |||| 00| 0 eng d
020 _a978-0-07-015335-6
041 _aeng
082 _b4886
_a332
100 _aGurusamy, S Dr.
_91239
245 _aFinancial Services and Systems
260 _aNew Delhi
_bAcademic Faundation
300 _a402
650 _aManagement
_9241
942 _cBK
999 _c1704
_d1703